00672 2200253 4500001002100000005001500021035002000036007000300056008004100059020001800100082001100118084001400129100002300143245006900166260004500235300003100280650001800311700002300329700001800352990001200370990001200382990001200394990001200406INLIS00000000000179420220829023642 a0010-0318000137ta220829 g 0 ind  a9786020336497 a641. 5 a641.5 AFS0 aAFS, Cooking Wolrd1 aAFS Cooking The World /ceditor, Intarina Hardiman, Yudho Asmoro aJakarta :bGramedia Pustaka Utama,c2016 a93 hlm. :bilus. ;c23 cm. 4aRESEP MAKANAN0 aINTARINA, Hardiman0 aYUDHO, Asmoro a16797 A a16797 B a16797 B a16797 A